000 00309nam a22001337a 4500
008 170620b xxu||||| |||| 00| 0 eng d
020 _a008030950
041 _aeng
080 _a94(7/8(
100 _a18
101 _aSHH
245 _aGENERAL AMERICA ANATOMY OF CONFLICT
_cLEIKEN.R.S
942 _2udc
_cBK
999 _c18245
_d18245